| 000 | 00907nam a2200289Ia 4500 | ||
|---|---|---|---|
| 001 | Para_5812 | ||
| 003 | CHAP | ||
| 008 | 220125s1982 xx 000 0 und d | ||
| 010 | _a204296 | ||
| 040 | _cCHAP | ||
| 090 | _aPA TESIS 128 | ||
| 100 |
_aGaray Alvarez, Rafael _945588 |
||
| 245 |
_aEl perforado de la hoja del jitomate (Lycopersicon esculentum Mill) en el estado de Hidalgo / _c por Rafael Garay Alvarez |
||
| 260 |
_aChapingo, Méx. : _b el autor |
||
| 300 | _a64 h. | ||
| 502 | _aTesis (M.C. Esp. en Fitopatología). CP | ||
| 650 |
_aTomate _x enfermedades por virus _9113715 |
||
| 650 |
_aTomate _x Hidalgo _9113731 |
||
| 710 |
_aColegio de Postgraduados. Centro de Fitopatología _9164783 |
||
| 901 | _aPA TESIS 128 | ||
| 902 | _aA | ||
| 905 | _a0000001982 a 0000000000 00 | ||
| 910 | _a1982 | ||
| 942 | _cPARA | ||
| 942 |
_cPARA _d1 |
||
| 999 |
_c204296 _d204296 |
||